000 01407nam a2200241Ia 4500
999 _c51674
_d51674
001 18665
003 GE_BSU
005 20210406132015.0
008 181216s2016||||ge |||||||||||||| ||geo||
040 _cGE_BSU
041 _ageo
080 _a33 ხ-34
100 _aხახუბია, ნინო
_911103
245 _aტურიზმის დარგში პერსონალის მოტივაციის სრულყოფის პროექტების ზოგიერთი საკითხები /
_cნინო ხახუბია; სამეცნიერო ხელმძღვანელი როსტომ ბერიძე; ბსუ.
264 _aბათუმი :
_bბათუმის შოთა რუსთაველის სახ. უნ-ტის გამ-ბა,
_c2016.
300 _a189 გვ. ;
_b30 სმ.
653 _aდისერტაცია
653 _aეკონომიკა
653 _aტურიზმის დარგში პერსონალის მოტივაციის სრულყოფის პროექტების ზოგიერთი საკითხები
700 _aბერიძე, როსტომ
_e სამეცნიერო ხელმძღვანელი
_91686
710 _aბსუ
_911104
942 _cBK
_2udc